Quiz wiedzy ogólnej #32 - Statystyki

Ogólne statystyki
  • Ten quiz został rozwiązany 260 razy
  • Średni wynik to 12 z 20
Statystyki odpowiedzi
Pytanie Odpowiedź % Poprawnych
Kto był złoczyńcą w Czerwonym Kapturku? Wilk
97%
Jaka jest inna nazwa Pacyfiku? Ocean Spokojny
94%
Co chciał ukraść Grinch? Święta
90%
Jak nazywa się wokalista zespołu Ich Troje? Michał Wiśniewski
89%
Jaką broń dzierżył Luke Skywalker? Miecz świetlny
84%
Na jakiej rzece leży miasto kiedyś znane jako Stalingrad? Na Wołdze
72%
Z czym Belgowie tradycyjnie jedzą frytki? Z majonezem
72%
Który konstruktor F1 jest najbardziej utytułowany? Ferrari
71%
W jakim mieście można znaleźć największy meczet, zdolny pomieścić 4 miliony osób? W Mecce
70%
Jaka święta rzeka płynie przez indyjskie miasto Varanasi? Ganges
67%
W nordyckiej mitologii, kto był ojcem Thora? Odyn
66%
Na terytorium którego dzisiejszego państwa znajdowało się państwo Sumerów? Iraku
64%
Pod jaką nazwą znany był Nowy Jork w latach 1624-1664? Nowy Amsterdam
62%
Jaki szlak kupiecki łączył Chiny z basenem Morza Śródziemnego? Jedwabny Szlak
57%
Jaki przestarzały zabieg polegał na przecięciu połączeń kory przedczołowej z innymi strukturami mózgowia? Lobotomia
53%
W jakim państwie można znaleść Billabong? W Australii
33%
Poza czekoladą, co głównie nadaje smak nutelli? Orzech laskowy
30%
Czyja twarz wyprawiła w morze tysiąc okrętów? Heleny
29%
Jaki związek chemiczny ma wzór sumaryczny Fe₃(PO₄)₂? Fosforan żelaza (II)
15%
Jaki sport olimpijski jest halowym odpowiednikiem innego sportu olimpijskiego? Tenis stołowy
13%
Nie znaleziono quizów pasujących do podanych kryteriów
Rozkład punktacji
Procent ludzi z każdym wynikiem
Percentyl według liczby udzielonych odpowiedzi
Twoja historia wyników
Nie rozwiązałeś tego quizu